[Event "Czech open A"]
[Site "?"]
[Date "2013.07.25"]
[Round "7.52"]
[White "Sipos, Istvan"]
[Black "Heimrath, Reiner"]
[Result "1-0"]
[WhiteElo "2471"]
[BlackElo "2280"]
[PlyCount "73"]
[EventDate "2013.??.??"]
[TimeControl "6000+1225"]
[WhiteClock "0:02:02"]
[BlackClock "0:01:15"]

1. c4 e5 2. Nc3 g6 3. Nf3 Bg7 4. d4 exd4 5. Nxd4 h6 6. g3 Ne7 7. Bg2 O-O 8. O-O
Nec6 9. Nxc6 dxc6 10. Bf4 Na6 11. Qc1 Kh7 12. Rb1 Qe7 13. b3 Re8 14. Re1 Be6
15. h4 Rad8 16. a3 Bf5 17. e4 Bg4 18. b4 Rd3 19. e5 Red8 20. Ne4 Rd1 21. Qc2
Rxb1 22. Qxb1 Bf5 23. Qc1 Bxe4 24. Bxe4 Qe6 25. c5 Nb8 26. h5 Nd7 27. Kg2 Re8
28. hxg6+ fxg6 29. Bxh6 Bxe5 30. Bf3 Qf5 31. Rh1 Kg8 32. Qc4+ Qf7 33. Qh4 Bf6
34. Bg5 Qg7 35. Bd1 Re5 36. Qc4+ Kf8 37. Bh6 1-0

[Event "Czech open A"]
[Site "?"]
[Date "2013.07.25"]
[Round "7.53"]
[White "Jorczik, Julian Marcel"]
[Black "Braeuer, Franz"]
[Result "0-1"]
[WhiteElo "2422"]
[BlackElo "2275"]
[PlyCount "106"]
[EventDate "2013.??.??"]
[TimeControl "6000+1220"]
[WhiteClock "0:01:11"]
[BlackClock "0:19:11"]

1. d4 Nf6 2. Nf3 e6 3. c4 b6 4. g3 Ba6 5. Nbd2 d5 6. Bg2 Be7 7. O-O O-O 8. Qc2
c5 9. dxc5 bxc5 10. Re1 Nc6 11. cxd5 exd5 12. b3 Re8 13. Bb2 Rc8 14. Rad1 Qb6
15. Qf5 Rcd8 16. Rc1 h6 17. a3 Na5 18. Qc2 d4 19. e3 d3 20. Qc3 Bf8 21. e4 Rb8
22. Rb1 Nxb3 23. Ba1 c4 24. Nxc4 Qc5 25. Ncd2 Nxa1 26. Qxa1 Rxb1 27. Qxb1 Qxa3
28. e5 Nd5 29. Ne4 Bb4 30. Rc1 Nc3 31. Nxc3 Bxc3 32. Bf1 d2 33. Rd1 Bxf1 34.
Kxf1 Qa6+ 35. Kg2 Qe2 36. Qc2 Rd8 37. Qb3 a5 38. Qb6 Rd3 39. Qb8+ Kh7 40. Qb7
Bxe5 41. Rxd2 Rxd2 42. Nxd2 Qxd2 43. Qe4+ g6 44. Qxe5 Qb4 45. Qe8 Qc4 46. h4 h5
47. Qe7 a4 48. f4 Qb3 49. Qe4 a3 50. f5 Qb2+ 51. Kh3 a2 52. Qe7 Kg7 53. fxg6
Qf6 0-1

[Event "Czech open A"]
[Site "?"]
[Date "2013.07.25"]
[Round "7.54"]
[White "Karavade, Eesha"]
[Black "Kelkar, Abhishek"]
[Result "1/2-1/2"]
[WhiteElo "2398"]
[BlackElo "2274"]
[PlyCount "47"]
[EventDate "2013.??.??"]
[TimeControl "6000+970"]
[WhiteClock "0:31:11"]
[BlackClock "0:32:46"]

1. d4 Nf6 2. Nf3 g6 3. c4 Bg7 4. Nc3 d6 5. e4 O-O 6. h3 Nbd7 7. Be3 e5 8. d5
Nc5 9. Qc2 a5 10. Be2 Nh5 11. g3 f5 12. Nd2 f4 13. Bxc5 dxc5 14. g4 Nf6 15. g5
Nh5 16. Bxh5 gxh5 17. Nf3 Ra6 18. O-O-O Rg6 19. Rdg1 Kf7 20. Ne2 b6 21. Kb1 Bh8
22. Nc1 Rfg8 23. Nd3 Qd6 24. Qd1 1/2-1/2

[Event "Czech open A"]
[Site "?"]
[Date "2013.07.25"]
[Round "7.55"]
[White "Golubov, Saveliy"]
[Black "Talla, Vladimir"]
[Result "1/2-1/2"]
[WhiteElo "2242"]
[BlackElo "2394"]
[PlyCount "96"]
[EventDate "2013.??.??"]
[TimeControl "6000+1335"]
[WhiteClock "0:06:27"]
[BlackClock "0:02:43"]

1. e4 c5 2. Nf3 d6 3. d4 cxd4 4. Nxd4 Nf6 5. Nc3 a6 6. Be2 e5 7. Nb3 Be7 8. O-O
O-O 9. Re1 Be6 10. Bf3 Qc7 11. Be3 Rc8 12. h3 Nbd7 13. a4 h6 14. Nd2 Qc6 15.
Nb3 Nb6 16. Na5 Qc7 17. Re2 Nbd7 18. Nb3 Bc4 19. Rd2 b5 20. a5 Nc5 21. Nxc5
dxc5 22. b3 Be6 23. Nd5 Bxd5 24. exd5 Bd6 25. c3 Rf8 26. Qc2 Rae8 27. Be2 e4
28. Rdd1 Nh7 29. Qd2 f5 30. f4 exf3 31. Bxf3 Nf6 32. Re1 Ne4 33. Bxe4 fxe4 34.
Rf1 Qe7 35. Rxf8+ Rxf8 36. Bf2 Qe5 37. g3 Rf3 38. Re1 Rxc3 39. Rxe4 Qxe4 40.
Qxc3 Qxd5 41. Qe3 c4 42. bxc4 bxc4 43. Qb6 c3 44. Qxa6 Kh7 45. Qe2 Qf5 46. a6
c2 47. Qc4 Ba3 48. a7 c1=Q+ 1/2-1/2

[Event "Czech open A"]
[Site "?"]
[Date "2013.07.25"]
[Round "7.56"]
[White "Seger, Ruediger"]
[Black "Bystrov, Sergej M"]
[Result "1/2-1/2"]
[WhiteElo "2393"]
[BlackElo "2273"]
[PlyCount "38"]
[EventDate "2013.??.??"]
[TimeControl "6000+730"]
[WhiteClock "0:56:22"]
[BlackClock "0:41:02"]

1. e4 d6 2. d4 Nf6 3. Nc3 e5 4. Nf3 Nbd7 5. Bc4 Be7 6. O-O O-O 7. Re1 c6 8. a4
a5 9. b3 Qc7 10. Ba3 Nb6 11. Be2 Bg4 12. h3 Bh5 13. Nh4 Bxe2 14. Rxe2 g6 15.
Nf3 Rfe8 16. Qd2 Nh5 17. g3 Rad8 18. Qe1 Ng7 19. Rd1 exd4 1/2-1/2

[Event "Czech open A"]
[Site "?"]
[Date "2013.07.25"]
[Round "7.57"]
[White "Barthel, Ansgar"]
[Black "Zwardon, Vojtech"]
[Result "1/2-1/2"]
[WhiteElo "2230"]
[BlackElo "2391"]
[PlyCount "62"]
[EventDate "2013.??.??"]
[TimeControl "6000+1610"]
[WhiteClock "0:26:36"]
[BlackClock "0:46:47"]

1. e4 c5 2. Nf3 Nc6 3. d4 cxd4 4. Nxd4 g6 5. Nc3 Bg7 6. Be3 Nf6 7. Bc4 O-O 8.
Bb3 a5 9. a4 Ng4 10. Nxc6 Nxe3 11. Nxd8 Nxd1 12. Nd5 e6 13. Ne7+ Kh8 14. Rxd1
Rxd8 15. c3 d6 16. Nxc8 Raxc8 17. Rd3 Rc6 18. Kd1 Kg8 19. Kc2 Kf8 20. f4 Rc5
21. Rf1 b5 22. f5 bxa4 23. Bxa4 Rc4 24. Bb3 Rxe4 25. fxe6 f5 26. Bd5 Re2+ 27.
Rd2 Rxd2+ 28. Kxd2 Rb8 29. g4 Rb5 30. c4 Rxb2+ 31. Kd3 Rb3+ 1/2-1/2

[Event "Czech open A"]
[Site "?"]
[Date "2013.07.25"]
[Round "7.58"]
[White "Gergel, Vladimir"]
[Black "Usmanov, Vasily"]
[Result "1/2-1/2"]
[WhiteElo "2229"]
[BlackElo "2386"]
[PlyCount "47"]
[EventDate "2013.??.??"]
[TimeControl "6000+1085"]
[WhiteClock "0:20:39"]
[BlackClock "1:05:38"]

1. e4 c5 2. Nf3 Nc6 3. d4 cxd4 4. Nxd4 Nf6 5. Nc3 d6 6. Bg5 e6 7. Qd2 a6 8.
O-O-O Bd7 9. f4 b5 10. Kb1 Qb6 11. Bxf6 gxf6 12. Nxc6 Bxc6 13. Qe1 Be7 14. Bd3
Qc5 15. f5 Qe5 16. Qf2 b4 17. Ne2 a5 18. Nd4 Qc5 19. Rhf1 Bd7 20. Be2 e5 21.
Nb5 Qxf2 22. Rxf2 Bxb5 23. Bxb5+ Kf8 24. Bc6 1/2-1/2

[Event "Czech open A"]
[Site "?"]
[Date "2013.07.25"]
[Round "7.59"]
[White "Druska, Juraj"]
[Black "Jacko-Jun., Vladimir"]
[Result "0-1"]
[WhiteElo "2385"]
[BlackElo "2271"]
[PlyCount "74"]
[EventDate "2013.??.??"]
[TimeControl "6000+2110"]
[WhiteClock "0:02:50"]
[BlackClock "0:10:23"]

1. d4 Nf6 2. Nf3 g6 3. g3 Bg7 4. Bg2 O-O 5. O-O d6 6. a4 Re8 7. Nc3 Nc6 8. a5
a6 9. e4 h6 10. h3 e5 11. Be3 exd4 12. Nxd4 Bd7 13. Qd2 Kh7 14. f4 Nxd4 15.
Bxd4 c5 16. Bf2 Bc6 17. Rfe1 Qc7 18. Bf3 Rad8 19. Kg2 Rd7 20. g4 Rde7 21. Qd3
c4 22. Qxc4 Nxe4 23. Nxe4 d5 24. Nf6+ Bxf6 25. Qb4 d4 26. Qd2 Bxf3+ 27. Kxf3
Qc6+ 28. Kg3 Qb5 29. b3 d3 30. Rxe7 Rxe7 31. Re1 Rc7 32. cxd3 Bc3 33. Qc2 Bxa5
34. Qd1 Bxe1 35. Bxe1 Rd7 36. d4 Qf1 37. f5 Re7 0-1

[Event "Czech open A"]
[Site "?"]
[Date "2013.07.25"]
[Round "7.60"]
[White "Pasiev, Rakhim"]
[Black "Sochacki, Wojtek"]
[Result "1-0"]
[WhiteElo "2384"]
[BlackElo "2264"]
[PlyCount "101"]
[EventDate "2013.??.??"]
[TimeControl "6000+1115"]
[WhiteClock "0:39:46"]
[BlackClock "0:53:38"]

1. c4 e6 2. Nf3 d5 3. g3 c5 4. Bg2 Nc6 5. O-O Nf6 6. cxd5 exd5 7. d4 Be7 8. Nc3
O-O 9. Bg5 c4 10. Ne5 Be6 11. e3 Qb6 12. Bxf6 Bxf6 13. Nxd5 Bxd5 14. Nd7 Qd8
15. Nxf6+ gxf6 16. e4 Be6 17. d5 Ne5 18. dxe6 fxe6 19. Qe2 Kh8 20. Qe3 Qb6 21.
Qxb6 axb6 22. Rfd1 Rfd8 23. f4 Nd3 24. Rd2 b5 25. Rad1 Rxa2 26. Bf1 Ra6 27.
Bxd3 Rad6 28. Kf2 cxd3 29. Ke3 Rc6 30. Rxd3 Rxd3+ 31. Rxd3 Rc2 32. Rd2 Rc7 33.
Rd6 Rc2 34. Rxe6 Kg7 35. Re7+ Kg8 36. b4 Rc4 37. Rxb7 Rxb4 38. f5 h5 39. h3
Rb3+ 40. Kf4 Rb1 41. g4 b4 42. e5 Rf1+ 43. Kg3 fxe5 44. Rxb4 hxg4 45. hxg4 Kf7
46. Kh4 Ke7 47. Rb6 Re1 48. Kg5 Re4 49. Kh5 Kf7 50. g5 Re1 51. Rb7+ 1-0

[Event "Czech open A"]
[Site "?"]
[Date "2013.07.25"]
[Round "7.61"]
[White "Seyb, Alexander"]
[Black "Linster, Philippe"]
[Result "1/2-1/2"]
[WhiteElo "2380"]
[BlackElo "2253"]
[PlyCount "62"]
[EventDate "2013.??.??"]
[TimeControl "6000+1055"]
[WhiteClock "0:17:46"]
[BlackClock "0:20:16"]

1. e4 e5 2. Nf3 Nc6 3. Bb5 a6 4. Ba4 Nf6 5. O-O Be7 6. Re1 b5 7. Bb3 O-O 8. c3
d5 9. exd5 Nxd5 10. Nxe5 Nxe5 11. Rxe5 c6 12. d3 Bd6 13. Re1 Bf5 14. Qf3 Qd7
15. Bxd5 cxd5 16. Bf4 Bxf4 17. Qxf4 Bxd3 18. Nd2 Rfe8 19. Re3 Rxe3 20. Qxe3 Bg6
21. Re1 f6 22. Qd4 Re8 23. Rxe8+ Bxe8 24. f3 Qe6 25. Kf2 Bg6 26. a3 Qf5 27. a4
bxa4 28. Qxa4 Qd3 29. Qd4 Qb5 30. b4 a5 31. bxa5 Qxa5 1/2-1/2

[Event "Czech open A"]
[Site "?"]
[Date "2013.07.25"]
[Round "7.62"]
[White "Wenninger, Philipp"]
[Black "Akkozov, Berik"]
[Result "0-1"]
[WhiteElo "2229"]
[BlackElo "2377"]
[PlyCount "134"]
[EventDate "2013.??.??"]
[TimeControl "5400+1075"]
[WhiteClock "0:07:33"]
[BlackClock "0:04:55"]

1. d4 Nf6 2. Bg5 d5 3. Bxf6 exf6 4. g3 c6 5. Bg2 Qb6 6. b3 a5 7. c3 Be6 8. e3
a4 9. b4 Bd6 10. Ne2 Qc7 11. Nd2 Nd7 12. Qc2 g6 13. a3 O-O 14. c4 dxc4 15. Nxc4
f5 16. O-O Rfc8 17. Rac1 Nb6 18. Nd2 h5 19. Qd3 Qe7 20. f3 Rd8 21. e4 h4 22.
Qe3 Bc7 23. Rc3 Rd7 24. Rd1 Rad8 25. Rdc1 hxg3 26. hxg3 fxe4 27. fxe4 Bg4 28.
Bf3 Bxf3 29. Nxf3 Re8 30. e5 Nd5 31. Qh6 Nxc3 32. Nxc3 Qf8 33. Qh3 f5 34. exf6
Rh7 35. Qg4 Qxf6 36. Ne4 Qg7 37. Rf1 Rf8 38. Neg5 Rh6 39. Ne6 Qd7 40. Qg5 Qxe6
41. Qxh6 Qd6 42. Rf2 Qxg3+ 43. Rg2 Bf4 44. Rxg3 Bxh6 45. Rxg6+ Kh7 46. Rg3 Rg8
47. Rxg8 Kxg8 48. Ne1 Bc1 49. Nc2 Kf7 50. Kf2 Ke6 51. Ke2 Kd5 52. Kd3 b5 53.
Kc3 Ke4 54. Ne1 Be3 55. Nd3 Bxd4+ 56. Kc2 Kd5 57. Ne1 Kc4 58. Nf3 Bc3 59. Ng5
Bxb4 60. axb4 Kxb4 61. Nf3 c5 62. Nd2 Ka5 63. Kc3 Kb6 64. Ne4 Kc6 65. Nf6 b4+
66. Kc4 a3 67. Ne4 a2 0-1

[Event "Czech open A"]
[Site "?"]
[Date "2013.07.25"]
[Round "7.63"]
[White "Klenburg, Mikhail"]
[Black "Koykka, Pekka"]
[Result "1/2-1/2"]
[WhiteElo "2368"]
[BlackElo "2250"]
[PlyCount "196"]
[EventDate "2013.??.??"]
[TimeControl "6000+1020"]
[WhiteClock "0:14:26"]
[BlackClock "0:01:10"]

1. g3 d5 2. Bg2 c6 3. Nf3 Bg4 4. O-O Nd7 5. d4 e6 6. Nbd2 Ngf6 7. Re1 Be7 8. e4
O-O 9. c3 Bh5 10. a4 Bg6 11. exd5 cxd5 12. a5 Rc8 13. Nf1 Be4 14. Bf4 Ne8 15.
N1d2 Bd3 16. Ne5 Nxe5 17. dxe5 Nc7 18. Be3 a6 19. Bb6 Qd7 20. Nf3 Bb5 21. Nd4
Na8 22. Ba7 Bc5 23. Bxc5 Rxc5 24. Qd2 b6 25. b4 Rc7 26. Nxb5 axb5 27. a6 Ra7
28. Bf1 Qc6 29. Ra3 Nc7 30. Rea1 Rfa8 31. h4 h6 32. Qd4 Rxa6 33. Rxa6 Rxa6 34.
Rxa6 Nxa6 35. Bd3 Kf8 36. h5 Nc7 37. g4 Qb7 38. Kg2 Qa6 39. Qf4 Qb7 40. Kg3 Qc6
41. Qd4 Qb7 42. Be2 Qa6 43. f3 Ke8 44. Kf2 Kf8 45. Qd3 Qa2 46. Qd4 Qc2 47. Ke1
Ke7 48. Bd3 Qc1+ 49. Ke2 Kd8 50. Bh7 Ke8 51. Kf2 Kd8 52. Kg2 Ke8 53. Kf2 Kd8
54. Ke2 Ke8 55. Bd3 Kd8 56. f4 Qh1 57. Kd2 Kc8 58. Be2 Kb7 59. Qf2 Qa1 60. Bd3
Qh1 61. Qe3 Qh2+ 62. Kc1 Ka6 63. Qf3 Kb7 64. Bc2 Ka7 65. Qe3 Qg2 66. Bd1 Kb7
67. Be2 Kc6 68. Bf3 Qa2 69. Bd1 Qg2 70. Be2 Qe4 71. Qf2 Kb7 72. Kd2 Qh1 73. Bd3
Qh3 74. Be2 Qh1 75. Bf3 Qb1 76. Qe3 Qf1 77. g5 Qb1 78. Bd1 Qf5 79. Qg3 Qe4 80.
Bf3 Qb1 81. Be2 d4 82. Bf3+ Ka7 83. cxd4 Qxb4+ 84. Ke2 Qxd4 85. gxh6 gxh6 86.
Qh4 Qc4+ 87. Kf2 b4 88. Qd8 b3 89. Qc8 Qc2+ 90. Kg3 Nd5 91. Qd7+ Ka6 92. Qa4+
Kb7 93. Qd7+ Kb8 94. Qe8+ Qc8 95. Qb5 Qc3 96. Qe8+ Qc8 97. Qb5 Qc3 98. Qe8+ Qc8
1/2-1/2

[Event "Czech open A"]
[Site "?"]
[Date "2013.07.25"]
[Round "7.64"]
[White "Suran, Jan"]
[Black "Matsenko, Andrei"]
[Result "1/2-1/2"]
[WhiteElo "2362"]
[BlackElo "2235"]
[PlyCount "83"]
[EventDate "2013.??.??"]
[TimeControl "6000+800"]
[WhiteClock "0:24:05"]
[BlackClock "0:37:48"]

1. e4 c6 2. Ne2 d5 3. e5 c5 4. d4 Nc6 5. c3 Bf5 6. dxc5 e6 7. Nd4 Bxb1 8. Rxb1
Bxc5 9. Nxc6 bxc6 10. Qg4 g6 11. Bd3 Qc7 12. O-O h5 13. Qe2 Kf8 14. b4 Be7 15.
c4 Kg7 16. cxd5 cxd5 17. Be3 Nh6 18. Rfc1 Qd8 19. Rc6 Nf5 20. Bxf5 gxf5 21. b5
h4 22. h3 Qa5 23. Ra6 Qc7 24. Rc1 Qb8 25. Rac6 Kg6 26. Qd3 Rd8 27. Rc7 Re8 28.
Bd4 Bd8 29. Rd7 Re7 30. Rxe7 Bxe7 31. a4 Qd8 32. Qc3 Bg5 33. Rc2 Bf4 34. a5 Rb8
35. Qf3 Bg5 36. b6 axb6 37. axb6 Rxb6 38. Bxb6 Qxb6 39. Rc8 Kg7 40. g3 Qa6 41.
Rc3 Qa4 42. Kg2 1/2-1/2

[Event "Czech open A"]
[Site "?"]
[Date "2013.07.25"]
[Round "7.65"]
[White "Bartos, Jan"]
[Black "Vastrukhin, Oleg"]
[Result "1/2-1/2"]
[WhiteElo "2209"]
[BlackElo "2360"]
[PlyCount "33"]
[EventDate "2013.??.??"]
[TimeControl "5400+515"]
[WhiteClock "1:06:41"]
[BlackClock "1:10:14"]

1. d4 Nf6 2. c4 g6 3. Nc3 d5 4. Nf3 Bg7 5. Bf4 O-O 6. e3 c6 7. h3 Bf5 8. Qb3
Qb6 9. c5 Qxb3 10. axb3 Nbd7 11. b4 a6 12. Nd2 Ne4 13. Ncxe4 dxe4 14. Nc4 Nf6
15. Nb6 Rad8 16. Bc7 Rde8 17. Bc4 1/2-1/2

[Event "Czech open A"]
[Site "?"]
[Date "2013.07.25"]
[Round "7.66"]
[White "Tomazini, Zan"]
[Black "Postupa, Pavel"]
[Result "0-1"]
[WhiteElo "2344"]
[BlackElo "2229"]
[PlyCount "88"]
[EventDate "2013.??.??"]
[TimeControl "6000+1035"]
[WhiteClock "0:30:33"]
[BlackClock "0:35:26"]

1. e4 c5 2. Nf3 d6 3. d4 cxd4 4. Nxd4 Nf6 5. Nc3 a6 6. Bc4 e6 7. Bb3 b5 8. Qf3
Bb7 9. O-O Nbd7 10. Re1 Be7 11. Bxe6 fxe6 12. Nxe6 Ne5 13. Qg3 Qd7 14. Nxg7+
Kf7 15. Nf5 Rag8 16. Qe3 Rxg2+ 17. Kxg2 Qxf5 18. Kf1 Qh5 19. Qg5 Qxh2 20. Qh6
Nh5 21. Re3 Ke8 22. Nd1 Ng4 23. Qe6 Nxe3+ 24. Bxe3 Qh1+ 25. Ke2 Qxe4 26. Qxe4
Bxe4 27. a4 b4 28. c3 bxc3 29. Nxc3 Bb7 30. Ra3 Kd7 31. Rb3 Kc8 32. a5 Nf6 33.
Na4 Nd5 34. Nb6+ Nxb6 35. Rxb6 Kc7 36. Kd2 Rf8 37. Rb4 h5 38. Rc4+ Kd7 39. Rb4
Bc6 40. Rb6 Ra8 41. Rb3 h4 42. Bf4 Bb5 43. Rh3 Bf6 44. b4 Re8 0-1

[Event "Czech open A"]
[Site "?"]
[Date "2013.07.25"]
[Round "7.67"]
[White "Mueer, Sebastian"]
[Black "Krensing, Jan"]
[Result "1-0"]
[WhiteElo "2202"]
[BlackElo "2325"]
[PlyCount "167"]
[EventDate "2013.??.??"]
[TimeControl "6000+1445"]
[WhiteClock "0:03:29"]
[BlackClock "0:02:40"]

1. Nf3 c5 2. c4 Nc6 3. g3 g6 4. Bg2 Bg7 5. Nc3 d6 6. O-O Qd7 7. e3 Bxc3 8. bxc3
f5 9. e4 fxe4 10. Ng5 Nf6 11. Nxe4 Nxe4 12. Bxe4 b6 13. Re1 Bb7 14. d4 O-O 15.
Bh6 Rfe8 16. Bxc6 Qxc6 17. d5 Qc7 18. Re6 Bc8 19. Qg4 Bxe6 20. Qxe6+ Kh8 21.
Qf7 Rg8 22. Re1 Rae8 23. Bg7+ Rxg7 24. Qxe8+ Rg8 25. Qf7 Rg7 26. Qf8+ Rg8 27.
Qf7 Rg7 28. Qe8+ Rg8 29. Qxe7 Qd8 30. Qxd8 Rxd8 31. Re7 a6 32. a4 Rb8 33. Rd7
b5 34. cxb5 axb5 35. a5 b4 36. cxb4 cxb4 37. a6 b3 38. Rb7 Ra8 39. a7 b2 40.
Rxb2 Rxa7 41. Rb6 Rd7 42. f4 h5 43. Kf2 Kg7 44. Kf3 Kf7 45. h3 Ke7 46. g4 hxg4+
47. Kxg4 Kf6 48. Rb8 Ra7 49. Re8 Ra1 50. Re6+ Kf7 51. Rxd6 Rf1 52. Ra6 Rd1 53.
d6 Rd3 54. h4 Kf6 55. d7+ Kf7 56. Ra7 Kf6 57. Rb7 Rd1 58. Kf3 Ke7 59. d8=Q+
Kxd8 60. Rg7 Rf1+ 61. Ke4 Rh1 62. Rxg6 Ke7 63. Rh6 Kf7 64. Kf5 Kg7 65. Rg6+ Kf7
66. Rg4 Ra1 67. Kg5 Kg7 68. h5 Rh1 69. Rg2 Ra1 70. h6+ Kf7 71. Rb2 Rg1+ 72. Kf5
Ra1 73. Rb7+ Kg8 74. Re7 Ra4 75. Kg5 Rb4 76. f5 Rb6 77. Rc7 Ra6 78. Rd7 Rb6 79.
Ra7 Rc6 80. Re7 Ra6 81. Rb7 Rc6 82. f6 Rc1 83. f7+ Kf8 84. h7 1-0

[Event "Czech open A"]
[Site "?"]
[Date "2013.07.25"]
[Round "7.68"]
[White "Kireev, Aleksei"]
[Black "Sanders, Isaac"]
[Result "1/2-1/2"]
[WhiteElo "2310"]
[BlackElo "2210"]
[PlyCount "98"]
[EventDate "2013.??.??"]
[TimeControl "6000+735"]
[WhiteClock "0:49:25"]
[BlackClock "0:15:16"]

1. d4 Nf6 2. Bg5 Ne4 3. Be3 d5 4. Nd2 Bf5 5. Ngf3 e6 6. g3 Nd7 7. Nh4 c6 8.
Nxe4 Bxe4 9. f3 Bg6 10. Nxg6 hxg6 11. c3 Bd6 12. Bf2 e5 13. e3 Qe7 14. Qe2 e4
15. f4 O-O-O 16. h4 Kb8 17. O-O-O c5 18. dxc5 Nxc5 19. Qc2 Bc7 20. Be2 Bb6 21.
Rd2 d4 22. cxd4 Ba5 23. Rdd1 Rc8 24. dxc5 Rxc5 25. Bc4 Rhc8 26. Rd4 b5 27. Kb1
Rxc4 28. Rxc4 Rxc4 29. Qb3 Qc5 30. Qd1 Bc7 31. Re1 a5 32. Re2 Kb7 33. Be1 Qc6
34. Bc3 f6 35. Bd4 Qe6 36. Rd2 Rc6 37. Qe2 Qc4 38. Qxc4 Rxc4 39. Rh2 Bb6 40.
Bxb6 Kxb6 41. h5 gxh5 42. Rxh5 Rc5 43. Rh8 Rd5 44. Re8 f5 45. Kc2 Rd3 46. Re6+
Kc5 47. Re5+ Rd5 48. Re7 Rd3 49. Re5+ Rd5 1/2-1/2

[Event "Czech open A"]
[Site "?"]
[Date "2013.07.25"]
[Round "7.69"]
[White "Shemeakin, Alexander"]
[Black "Nguyen, Thai Dai Van"]
[Result "1-0"]
[WhiteElo "2299"]
[BlackElo "2176"]
[PlyCount "67"]
[EventDate "2013.??.??"]
[TimeControl "6000+1250"]
[WhiteClock "0:37:08"]
[BlackClock "0:03:05"]

1. d4 d5 2. c4 e6 3. Nf3 Nf6 4. Nc3 c5 5. cxd5 Nxd5 6. e4 Nxc3 7. bxc3 cxd4 8.
cxd4 Bb4+ 9. Bd2 Bxd2+ 10. Qxd2 O-O 11. Bc4 Nd7 12. O-O b6 13. Rad1 Bb7 14.
Rfe1 Rc8 15. Bd3 Re8 16. h4 h6 17. Qf4 Qc7 18. e5 a6 19. Nd2 b5 20. Re3 f5 21.
g4 Nf6 22. gxf5 Nd5 23. Qg4 Nxe3 24. fxe3 exf5 25. Qxf5 g5 26. hxg5 hxg5 27.
Be4 Kh8 28. Qf6+ Kg8 29. Qxg5+ Kh8 30. Qh4+ Kg8 31. Kh2 Bxe4 32. Rg1+ Kf8 33.
Qh8+ Ke7 34. Qf6+ 1-0

[Event "Czech open A"]
[Site "?"]
[Date "2013.07.25"]
[Round "7.70"]
[White "Vlasak, Lukas"]
[Black "Tennert, Simon"]
[Result "1/2-1/2"]
[WhiteElo "2296"]
[BlackElo "2147"]
[PlyCount "159"]
[EventDate "2013.??.??"]
[TimeControl "6000+1090"]
[WhiteClock "0:08:22"]
[BlackClock "0:04:14"]

1. e4 e5 2. Nf3 Nc6 3. Bb5 Nf6 4. O-O Bc5 5. Nxe5 Nxe4 6. Nd3 Be7 7. Re1 Nd6 8.
Ba4 O-O 9. Nf4 b5 10. Bb3 Nd4 11. Bd5 c6 12. c3 Ne6 13. Nxe6 fxe6 14. Bf3 Rb8
15. b4 a5 16. a3 Nf5 17. d4 Ra8 18. Bb2 d5 19. Nd2 Bd6 20. Bg4 Qh4 21. Bh3 Qf6
22. Qe2 axb4 23. axb4 Rxa1 24. Bxa1 Bd7 25. Nf3 Ra8 26. Bb2 Ra2 27. Ra1 Rxa1+
28. Bxa1 Qh6 29. Bb2 Bf4 30. Bxf5 exf5 31. Qe7 Qe6 32. Qxe6+ Bxe6 33. g3 Bd6
34. Bc1 Bd7 35. Kg2 Be8 36. Nh4 Bd7 37. Kf3 Kf7 38. Bf4 Be7 39. Ng2 Be8 40. h4
Ke6 41. Be5 Bf8 42. Ke3 Kf7 43. f3 Bd7 44. Ne1 Be7 45. Nd3 Be8 46. Bb8 Ke6 47.
Bc7 Kf7 48. Kf4 Ke6 49. Be5 g6 50. Ke3 Kf7 51. Nc1 Ke6 52. Nb3 Bf8 53. Na5 Be7
54. Bf4 Bd7 55. Bg5 Bd6 56. Kf2 Be8 57. Nb7 Bf8 58. g4 fxg4 59. fxg4 Bd6 60.
Kf3 Bf8 61. Bf4 Be7 62. Kg3 Bd7 63. Na5 Be8 64. Nb3 Bd7 65. Nc1 Be8 66. Nd3 Bd7
67. Be5 Be8 68. Nf4+ Kf7 69. Ng2 Ke6 70. Kf4 Bd7 71. g5 Kf7 72. Ne3 Be8 73. Bc7
Ke6 74. Ng4 Bd7 75. Nh6 Bf8 76. Ng8 Bg7 77. Be5 Kf7 78. Bxg7 Kxg8 79. Bf6 Bf5
80. Ke5 1/2-1/2

[Event "Czech open A"]
[Site "?"]
[Date "2013.07.25"]
[Round "7.71"]
[White "Jasny, Stanislav"]
[Black "Cantoro, Daniele"]
[Result "1-0"]
[WhiteElo "2290"]
[BlackElo "2108"]
[PlyCount "120"]
[EventDate "2013.??.??"]
[TimeControl "6000+760"]
[WhiteClock "0:16:47"]
[BlackClock "0:03:39"]

1. Nf3 d5 2. g3 Nc6 3. d4 Bg4 4. Nbd2 f6 5. c3 Qd7 6. h3 Bh5 7. Bg2 O-O-O 8. b4
Re8 9. b5 Nb8 10. Qb3 e5 11. Nf1 c5 12. bxc6 Nxc6 13. Ne3 Bf7 14. O-O e4 15.
Nd2 f5 16. Rb1 Na5 17. Qb5 Qxb5 18. Rxb5 Nc6 19. Nxf5 g6 20. Ne3 Nf6 21. Rb1
Bh6 22. Nb3 Nd7 23. Nc2 Bg7 24. Bf4 Nb6 25. Ne3 h6 26. g4 h5 27. Nc5 Bf8 28.
Rfd1 hxg4 29. hxg4 Bxc5 30. dxc5 Na4 31. Rbc1 Nxc5 32. Nxd5 Nd3 33. exd3 Bxd5
34. c4 Be6 35. dxe4 Bxg4 36. Rd6 Re6 37. f3 Rxd6 38. Bxd6 Be6 39. a3 Rd8 40. c5
Nd4 41. Kf2 Nb3 42. Rc3 Kd7 43. f4 Rh8 44. f5 gxf5 45. exf5 Bf7 46. Re3 Re8 47.
Rxe8 Bxe8 48. Bxb7 Nd4 49. Be4 Nb5 50. Be5 Nxa3 51. c6+ Kc8 52. Bd5 Nb5 53. f6
a5 54. f7 Bxf7 55. Bxf7 a4 56. Bc4 Na7 57. Be6+ Kd8 58. c7+ Ke7 59. c8=Q Nxc8
60. Bxc8 a3 1-0

[Event "Czech open A"]
[Site "?"]
[Date "2013.07.25"]
[Round "7.72"]
[White "Mazur, Stefan"]
[Black "Klukin, Kirill"]
[Result "1-0"]
[WhiteElo "2409"]
[BlackElo "1983"]
[PlyCount "95"]
[EventDate "2013.??.??"]
[TimeControl "6000+1285"]
[WhiteClock "0:56:07"]
[BlackClock "0:45:31"]

1. e4 c5 2. Nf3 Nc6 3. d4 cxd4 4. Nxd4 e5 5. Nb5 d6 6. N1c3 a6 7. Na3 b5 8. Nd5
Nce7 9. c4 Nxd5 10. exd5 bxc4 11. Nxc4 Nf6 12. Be3 Rb8 13. Be2 Be7 14. O-O O-O
15. f4 exf4 16. Bxf4 Bb7 17. Bf3 Nd7 18. Re1 Nb6 19. Na5 Bg5 20. Nc6 Bxc6 21.
Bxg5 Qxg5 22. dxc6 Qc5+ 23. Kh1 d5 24. Rc1 Qd6 25. Qd4 Rfc8 26. Qc5 Qxc5 27.
Rxc5 Kf8 28. Rec1 Rc7 29. b3 Rd8 30. Kg1 Ke7 31. a4 d4 32. Ra5 Ra7 33. b4 d3
34. b5 Kd6 35. bxa6 d2 36. Rd1 Kc7 37. Rb5 Nxa4 38. Rb7+ Rxb7 39. cxb7 Nc5 40.
a7 Nxb7 41. Rxd2 Ra8 42. Rc2+ Kd6 43. Ra2 Kc7 44. Kf2 h6 45. Kg3 g6 46. Kf4 f6
47. Kg3 f5 48. Kf4 1-0

[Event "Czech open A"]
[Site "?"]
[Date "2013.07.25"]
[Round "7.73"]
[White "Wagener, Claude"]
[Black "Sergeev, Vladimir"]
[Result "0-1"]
[WhiteElo "2240"]
[BlackElo "2436"]
[PlyCount "46"]
[EventDate "2013.??.??"]
[TimeControl "6000+765"]
[WhiteClock "0:35:25"]
[BlackClock "0:43:11"]

1. e4 Nf6 2. e5 Nd5 3. d4 d6 4. c4 Nb6 5. exd6 exd6 6. Nc3 g6 7. Nf3 Bg7 8. Be2
Bg4 9. O-O O-O 10. b3 Nc6 11. Be3 Ne7 12. h3 Bxf3 13. Bxf3 c6 14. Qd2 d5 15. c5
Nd7 16. Bh6 Bxh6 17. Qxh6 Nf5 18. Qf4 Qf6 19. Ne2 Rfe8 20. Rad1 Nf8 21. Bg4 h5
22. Rd2 Ne6 23. Qf3 Ng5 0-1

[Event "Czech open A"]
[Site "?"]
[Date "2013.07.25"]
[Round "7.74"]
[White "Kourousis, Epaminondas"]
[Black "Vetoshko, Volodymyr"]
[Result "1/2-1/2"]
[WhiteElo "2391"]
[BlackElo "2268"]
[PlyCount "80"]
[EventDate "2013.??.??"]
[TimeControl "6000+950"]
[WhiteClock "0:38:16"]
[BlackClock "0:32:13"]

1. Nf3 d5 2. g3 Nf6 3. Bg2 Bf5 4. c4 c6 5. Qb3 Qb6 6. Qxb6 axb6 7. cxd5 Nxd5 8.
Nc3 Nxc3 9. dxc3 Nd7 10. Nd4 Bg6 11. h4 h6 12. h5 Bh7 13. Nb3 e5 14. e4 Nc5 15.
Nxc5 Bxc5 16. Ke2 Ke7 17. Bd2 Rhd8 18. Rhd1 f5 19. b4 Bd6 20. Be3 Bc7 21. Rxd8
Rxd8 22. a4 Ra8 23. Kd2 fxe4 24. g4 Kf6 25. Kc2 Rd8 26. Kb2 Bg8 27. Bxe4 Bd5
28. f3 Ke6 29. Kc2 Bxe4+ 30. fxe4 Rf8 31. Kd3 Rf3 32. Rg1 b5 33. a5 Bb8 34. Re1
Ba7 35. Kd2 Bxe3+ 36. Rxe3 Rxe3 37. Kxe3 Kf6 38. Kf3 g6 39. hxg6 Kxg6 40. Kg2
Kg5 1/2-1/2